000 00441nam a2200193Ia 4500
999 _c28698
_d28698
003 0100
005 20190722122326.0
008 130303s9999 xx 000 0 und d
020 _a0435966006
040 _cARRUPELIB
050 _aHN814.T34S678 1976
100 _aShivji, Issa G
_926886
245 _aClass struggles in Tanzania
260 _aLondon
_bHeinemann
_c1976
300 _a182p.
300 _b 23 cm
650 _aSocial classes
_zTanzania
_947395
650 _aTanzania
_y1964
_zSocial conditions
_947396
942 _2lcc
_cMONOGRAPH